000 00265nam a22001217a 4500
082 _a628.046 VEH'R
100 _aROYEL MILITARY
_975792
245 _aVEHICLE AND MILITARY HANDBOOK
250 _a4TH
260 _aUSA
_bRERUM
_c1979
300 _a12F-3
942 _cBK
999 _c581196
_d581196